00335nam a2200133Ia 4500008004100000100001900041245004700060250001200107260003800119300000800157650001400165942000700179999001500186190216s9999||||xx |||||||||||||| ||und|| aSrivastava. Js 0aCapital Funds In Under Developed Countries a1st Ed. b"Chugh Publications, India"c1976 a328 aEconomics cBK c9453d9453